| 000 | 00937nam a2200217 i 4500 | ||
|---|---|---|---|
| 001 | 12031 | ||
| 003 | ES-MaACL | ||
| 005 | 20230906150226.0 | ||
| 008 | 950125s1994 sp |||| | spa j | ||
| 020 | _a84-604-8745-8 | ||
| 080 | _a929.52 Valls | ||
| 100 | 1 |
_aSerrano Alcaide, Concepción. _9105727 |
|
| 245 | 1 | 0 |
_aHistoria de los Valls: una familia catalana de juristas, catedráticos, empresarios, políticos, banqueros y eclesiásticos _b: (dos siglos de derecho, finanzas y política de la Cataluña contemporánea) / _cConcepción Serrano Alcaide. |
| 250 | _a1ª ed. | ||
| 260 |
_aMálaga : _bCátedra de Historia del Derecho y de las Instituciones de la Universidad, _c1994. |
||
| 300 |
_a290 p : _bil. ; _c22 cm. |
||
| 500 | _aÍndice. | ||
| 600 | 1 | 4 |
_aValls (Familia)- _vHistoria. _9112939 |
| 710 | 2 |
_aUniversidad de Málaga. _bCátedra de Historia del Derecho y de las Instituciones. _9162592 |
|
| 852 |
_aES-MaACL _jL-19370 |
||
| 999 |
_c12031 _d12031 |
||